[Event "Piestany Slovakia op-A"]
[Site "Piestany"]
[Date "2025.07.16"]
[Round "9"]
[White "Saksham, Wadhwa"]
[Black "Meszaros, Casey Ryan"]
[Result "1/2-1/2"]
[WhiteElo "2121"]
[BlackElo "2133"]
[PlyCount "43"]
[EventDate "2025.07.08"]
[EventType "swiss"]
[EventRounds "9"]
[EventCountry "SVK"]
[SourceTitle "CB29_2025"]
[SourceDate "2025.07.16"]
[SourceVersion "1"]
[SourceVersionDate "2025.07.16"]
[SourceQuality "1"]

1. e4 c5 2. Nf3 Nc6 3. d4 cxd4 4. Nxd4 g6 5. Nc3 Bg7 6. Be3 Nf6 7. Bc4 0-0 8. Bb3 Re8 9. h3 d6 10. Qd2 Na5 11. f3 a6 12. 0-0-0 b5 13. Kb1 Bb7 14. g4 Rc8 15. h4 Nc4 16. Bxc4 Rxc4 17. h5 Qc8 18. Rh2 Rd8 19. Nb3 Nd7 20. hxg6 hxg6 21. Bd4 Ne5 22. Rdh1 1/2-1/2

[Event "Piestany Slovakia op-A"]
[Site "Piestany"]
[Date "2025.07.14"]
[Round "7"]
[White "Ugorek, Kacper"]
[Black "Saksham, Wadhwa"]
[Result "1/2-1/2"]
[WhiteElo "2177"]
[BlackElo "2121"]
[PlyCount "31"]
[EventDate "2025.07.08"]
[EventType "swiss"]
[EventRounds "9"]
[EventCountry "SVK"]
[SourceTitle "CB29_2025"]
[SourceDate "2025.07.16"]
[SourceVersion "1"]
[SourceVersionDate "2025.07.16"]
[SourceQuality "1"]

1. e4 c5 2. Nf3 e6 3. b3 b6 4. Bb2 Bb7 5. Nc3 Nf6 6. Qe2 Be7 7. e5 Nd5 8. 0-0-0 Nxc3 9. dxc3 Qc7 10. c4 Nc6 11. g3 0-0 12. Bg2 Rad8 13. Rhe1 f6 14. Bh1 Qc8 15. Rd2 Qa8 16. Qd1 1/2-1/2

[Event "Piestany Slovakia op-A"]
[Site "Piestany"]
[Date "2025.07.13"]
[Round "6"]
[White "Saksham, Wadhwa"]
[Black "Hitka, Dominik"]
[Result "1-0"]
[WhiteElo "2121"]
[BlackElo "1961"]
[PlyCount "79"]
[EventDate "2025.07.08"]
[EventType "swiss"]
[EventRounds "9"]
[EventCountry "SVK"]
[SourceTitle "CB29_2025"]
[SourceDate "2025.07.16"]
[SourceVersion "1"]
[SourceVersionDate "2025.07.16"]
[SourceQuality "1"]

1. e4 e6 2. d4 d5 3. Nd2 Be7 4. Bd3 c5 5. dxc5 Bxc5 6. Ngf3 Nf6 7. Qe2 dxe4 8. Nxe4 Nxe4 9. Bxe4 Nd7 10. 0-0 Qb6 11. a3 Nf6 12. Bd3 a5 13. Bd2 Bd7 14. c4 Bc6 15. b4 Bxf3 16. Qxf3 axb4 17. axb4 Rd8 18. bxc5 Qb3 19. Be2 Qxf3 20. Bxf3 Rxd2 21. Ra8+ Rd8 22. Rxd8+ Kxd8 23. Rb1 Kc8 24. Rxb7 Rf8 25. Ra7 Rd8 26. Rxf7 Rd7 27. Rf8+ Rd8 28. Rxd8+ Kxd8 29. Kf1 Nd7 30. c6 Ne5 31. Ke2 Kc7 32. Ke3 Kd6 33. c5+ Kc7 34. Kd4 Nf7 35. Bg4 Nd8 36. Ke5 Kxc6 37. Bxe6 Kxc5 38. Bd5 h6 39. h4 g5 40. hxg5 1-0

[Event "Piestany Slovakia op-A"]
[Site "Piestany"]
[Date "2025.07.12"]
[Round "5"]
[White "Ondreicka, Roman"]
[Black "Saksham, Wadhwa"]
[Result "0-1"]
[WhiteElo "1937"]
[BlackElo "2121"]
[PlyCount "82"]
[EventDate "2025.07.08"]
[EventType "swiss"]
[EventRounds "9"]
[EventCountry "SVK"]
[SourceTitle "CB29_2025"]
[SourceDate "2025.07.16"]
[SourceVersion "1"]
[SourceVersionDate "2025.07.16"]
[SourceQuality "1"]

1. Nf3 Nf6 2. g3 b5 3. Bg2 Bb7 4. 0-0 e6 5. d4 Be7 6. Nbd2 0-0 7. Re1 d6 8. b3 Nbd7 9. Bb2 c5 10. c4 b4 11. e4 cxd4 12. Nxd4 Qb6 13. Qe2 Nc5 14. Kh1 Nfd7 15. f4 Bf6 16. g4 Rae8 17. g5 Bd8 18. Nf1 e5 19. Nf5 Ne6 20. fxe5 Nxe5 21. Rad1 Nxg5 22. Rxd6 Qc5 23. Bd4 Qa5 24. c5 f6 25. Bxe5 Rxe5 26. Qc4+ Kh8 27. c6 Bc8 28. Red1 Be6 29. Qd3 Bc7 30. Rd7 Bxd7 31. cxd7 Ne6 32. N1e3 Nc5 33. Qc2 Re6 34. Nc4 Qb5 35. Nd4 Qxd7 36. Bh3 Rd8 37. Bxe6 Nxe6 38. Nxe6 Qxd1+ 39. Qxd1 Rxd1+ 40. Kg2 Be5 41. Nc5 Ra1 0-1

[Event "Piestany Slovakia op-A"]
[Site "Piestany"]
[Date "2025.07.11"]
[Round "4"]
[White "Saksham, Wadhwa"]
[Black "Babula, Matej"]
[Result "1/2-1/2"]
[WhiteElo "2121"]
[BlackElo "2080"]
[PlyCount "119"]
[EventDate "2025.07.08"]
[EventType "swiss"]
[EventRounds "9"]
[EventCountry "SVK"]
[SourceTitle "CB29_2025"]
[SourceDate "2025.07.16"]
[SourceVersion "1"]
[SourceVersionDate "2025.07.16"]
[SourceQuality "1"]

1. e4 c5 2. Nf3 e6 3. d4 cxd4 4. Nxd4 a6 5. Bd3 Bc5 6. Nb3 Ba7 7. Qe2 Ne7 8. Nc3 0-0 9. Be3 b5 10. 0-0 Nbc6 11. Bxa7 Rxa7 12. f4 Nb4 13. Rad1 Rc7 14. f5 Nec6 15. e5 Nxd3 16. Rxd3 f6 17. fxe6 fxe5 18. Nd5 Ra7 19. Rxf8+ Qxf8 20. Rf3 Qd8 21. e7 Nxe7 22. Qe3 Nc6 23. Qc5 d6 24. Qxc6 Bb7 25. Qb6 Qxb6+ 26. Nxb6 Bxf3 27. gxf3 Kf7 28. Nd5 Ke6 29. Nb4 Ra8 30. Na5 d5 31. c3 Kd6 32. Nb7+ Kc7 33. Na5 Kb6 34. Nxd5+ Kc5 35. Nb4 Kb6 36. Nd5+ Kc5 37. Ne3 Kb6 38. Nb3 a5 39. Kf2 Rd8 40. Ke2 Rd6 41. Nd2 Rg6 42. Kf2 Rc6 43. Ne4 Rc8 44. Ke2 h5 45. c4 bxc4 46. Nd6 Rc5 47. Ndxc4+ Kc7 48. Kd3 Kd7 49. a3 Ke6 50. b4 axb4 51. axb4 Rb5 52. Kc3 Rb8 53. Kb3 Rf8 54. Nd2 Rd8 55. Kc3 Rc8+ 56. Nec4 Kf5 57. b5 g5 58. Kd3 Kf4 59. b6 g4 60. fxg4 1/2-1/2

[Event "Maharashtra op 3rd"]
[Site "Hadapsar"]
[Date "2025.04.20"]
[Round "1"]
[White "Saksham, Wadhwa"]
[Black "Padmini, Rout"]
[Result "0-1"]
[WhiteElo "2184"]
[BlackElo "2354"]
[PlyCount "108"]
[EventDate "2025.04.20"]
[EventType "swiss"]
[EventRounds "10"]
[EventCountry "IND"]
[SourceTitle "CB18_2025"]
[SourceDate "2025.04.30"]
[SourceVersion "1"]
[SourceVersionDate "2025.04.30"]
[SourceQuality "1"]

1. e4 c5 2. Nf3 e6 3. d4 cxd4 4. Nxd4 Nc6 5. Nc3 Qc7 6. f4 a6 7. Be2 b5 8. Nxc6 dxc6 9. Bf3 e5 10. 0-0 Bd6 11. Qe1 Ne7 12. f5 Bc5+ 13. Kh1 f6 14. Bh5+ g6 15. Bg4 h5 16. Qh4 Ng8 17. Be2 g5 18. Qh3 Kf8 19. Qd3 Rh7 20. Be3 Bxe3 21. Qxe3 Qa7 22. Qd3 Rd7 23. Qh3 h4 24. Rad1 Qc5 25. Rxd7 Bxd7 26. Rd1 Be8 27. Qd3 Nh6 28. a3 Nf7 29. b4 Qb6 30. Nb1 Rd8 31. Qf3 Rxd1+ 32. Bxd1 Qd4 33. c3 Qc4 34. Qe2 Nd6 35. Qxc4 Nxc4 36. Bb3 Nb6 37. Nd2 Ke7 38. c4 c5 39. bxc5 Nd7 40. cxb5 axb5 41. c6 Nc5 42. c7 Kd7 43. c8Q+ Kxc8 44. Kg1 Nxb3 45. Nxb3 Bc6 46. Nd2 Kc7 47. Kf2 Kb6 48. Ke3 Ka5 49. Nb1 Ka4 50. Kd2 Kb3 51. Nc3 Kxa3 52. Nd5 b4 53. Kc1 b3 54. Kb1 Bb5 0-1

[Event "Piestany Slovakia op-A"]
[Site "Piestany"]
[Date "2024.07.11"]
[Round "3"]
[White "Ouellet, Maili Jade"]
[Black "Saksham, Wadhwa"]
[Result "1-0"]
[WhiteElo "2302"]
[BlackElo "2036"]
[PlyCount "79"]
[EventDate "2024.07.09"]
[EventType "swiss"]
[EventRounds "9"]
[EventCountry "SVK"]
[SourceTitle "EXT 2025"]
[Source "ChessBase"]
[SourceDate "2024.10.14"]
[SourceVersion "1"]
[SourceVersionDate "2024.10.14"]
[SourceQuality "1"]

1. d4 Nf6 2. c4 e6 3. Nc3 Bb4 4. e3 b6 5. Nge2 Bb7 6. a3 Bxc3+ 7. Nxc3 0-0 8. Bd3 d5 9. 0-0 dxc4 10. Bxc4 Nbd7 11. f3 c5 12. e4 cxd4 13. Qxd4 Qc7 14. Nb5 Qe5 15. Rd1 Qh5 16. Nd6 Bc6 17. b4 Ne5 18. b5 Bd7 19. Bb2 Ng6 20. e5 Ne8 21. Nxe8 Bxe8 22. a4 Qg5 23. g3 Kh8 24. Rac1 h5 25. f4 Qg4 26. Qf2 Nh4 27. Be2 Qg6 28. Kf1 Nf5 29. Qf3 Rb8 30. Ke1 f6 31. Kf2 a6 32. bxa6 Bxa4 33. Rg1 Nh6 34. Qxh5 Qxh5 35. Bxh5 Rbd8 36. Ke1 Nf5 37. Bf3 Rf7 38. exf6 Rfd7 39. fxg7+ Kg8 40. Bf6 1-0

[Event "Piestany Slovakia op-A"]
[Site "Piestany"]
[Date "2024.07.10"]
[Round "2"]
[White "Saksham, Wadhwa"]
[Black "Babula, Vlastimil1"]
[Result "0-1"]
[WhiteElo "2036"]
[BlackElo "2345"]
[PlyCount "72"]
[EventDate "2024.07.09"]
[EventType "swiss"]
[EventRounds "9"]
[EventCountry "SVK"]
[SourceTitle "EXT 2025"]
[Source "ChessBase"]
[SourceDate "2024.10.14"]
[SourceVersion "1"]
[SourceVersionDate "2024.10.14"]
[SourceQuality "1"]

1. e4 c5 2. Nf3 d6 3. d4 cxd4 4. Nxd4 Nf6 5. Nc3 a6 6. Bc4 e6 7. Be3 b5 8. Bb3 Be7 9. f3 0-0 10. Qd2 Bb7 11. 0-0-0 Nbd7 12. g4 Nc5 13. g5 Nfd7 14. h4 Ne5 15. a3 Nxb3+ 16. cxb3 Rc8 17. Kb1 Nxf3 18. Nxf3 Rxc3 19. Qxc3 Bxe4+ 20. Ka2 Bxf3 21. Bd4 Bxh1 22. Bxg7 Be4 23. Bh6 e5 24. Qe3 Bg6 25. Bxf8 Kxf8 26. Rc1 Bf5 27. Qf3 Be6 28. Rc6 Qa5 29. Qe4 Kg7 30. h5 h6 31. g6 Qa4 32. Qc2 Qg4 33. gxf7 a5 34. f8Q+ Kxf8 35. Rc3 a4 36. Qf2+ Ke8 0-1

[Event "Rilton Cup 51st"]
[Site "Stockholm"]
[Date "2023.12.30"]
[Round "4"]
[White "Saksham, Wadhwa"]
[Black "Doshi, Moksh Amitbhai"]
[Result "0-1"]
[WhiteElo "2033"]
[BlackElo "2366"]
[PlyCount "70"]
[EventDate "2023.12.27"]
[EventType "swiss"]
[EventRounds "9"]
[EventCountry "SWE"]
[SourceTitle "CBM 218 Extra"]
[Source "ChessBase"]
[SourceDate "2024.03.31"]
[SourceVersion "1"]
[SourceVersionDate "2024.03.31"]
[SourceQuality "1"]

1. e4 c5 2. Nf3 e6 3. d4 cxd4 4. Nxd4 Nc6 5. Nc3 Qc7 6. f4 a6 7. Nxc6 Qxc6 8. Be2 Bc5 9. Bf3 Ne7 10. Qd3 0-0 11. Be3 e5 12. f5 Bxe3 13. Qxe3 b5 14. 0-0-0 Bb7 15. Kb1 f6 16. Nd5 Nxd5 17. Rxd5 Rac8 18. Qb3 Kh8 19. Rhd1 Rfd8 20. Rd6 Qc5 21. a3 Bc6 22. g4 Rf8 23. h4 a5 24. g5 a4 25. Qd3 b4 26. axb4 Qxb4 27. Qa3 Rb8 28. Kc1 Qc4 29. Kb1 Rb5 30. c3 Bxe4+ 31. Bxe4 Qxe4+ 32. Kc1 Rb3 33. Rxf6 Rg8 34. Qd6 a3 35. bxa3 Rb1+ 0-1

[Event "Sitges Sunway op 10th"]
[Site "Sitges"]
[Date "2023.12.16"]
[Round "5"]
[White "Saksham, Wadhwa"]
[Black "Kristoferitsch, Daniel"]
[Result "0-1"]
[WhiteElo "2033"]
[BlackElo "2254"]
[PlyCount "82"]
[EventDate "2023.12.12"]
[EventType "swiss"]
[EventRounds "10"]
[EventCountry "ESP"]
[SourceTitle "EXT 2025"]
[Source "ChessBase"]
[SourceDate "2024.10.14"]
[SourceVersion "1"]
[SourceVersionDate "2024.10.14"]
[SourceQuality "1"]

1. e4 c5 2. Nf3 d6 3. d4 cxd4 4. Qxd4 Nc6 5. Bb5 a6 6. Bxc6+ bxc6 7. Nc3 e5 8. Qd3 Be7 9. Be3 Nf6 10. Bg5 h6 11. Bxf6 Bxf6 12. 0-0-0 Be7 13. Nd2 0-0 14. Nc4 Qc7 15. Ne3 Rd8 16. g3 a5 17. a4 Ba6 18. Qd2 Rab8 19. Nf5 Bg5 20. f4 Bf6 21. b3 Qb6 22. Rhe1 Qc5 23. Re3 Bc4 24. Qe1 exf4 25. gxf4 Qa3+ 26. Kd2 Rxb3 27. Qg3 Rxc3 28. Nxh6+ Kf8 29. Rxc3 Qb4 30. Ng4 Bd4 31. Rb1 Bxc3+ 32. Qxc3 Qxb1 33. Qxc4 Qb4+ 34. Kd3 Qxc4+ 35. Kxc4 Rb8 36. c3 Rb2 37. e5 Ke7 38. h3 Re2 39. exd6+ Kxd6 40. f5 Re4+ 41. Kb3 f6 0-1